Parliaments of the World (Record no. 2119)

MARC details
000 -LEADER
fixed length control field 00330nam a22001337a 4500
008 - FIXED-LENGTH DATA ELEMENTS--GENERAL INFORMATION
fixed length control field 230621b xxu||||| |||| 00| 0 eng d
020 ## - INTERNATIONAL STANDARD BOOK NUMBER
International Standard Book Number 0566007363
082 ## - DEWEY DECIMAL CLASSIFICATION NUMBER
Edition number 2
Classification number 328.3
Item number IPU 1986
245 ## - TITLE STATEMENT
Title Parliaments of the World
260 ## - PUBLICATION, DISTRIBUTION, ETC. (IMPRINT)
Place of publication, distribution, etc. England
Name of publisher, distributor, etc. Gower Publishing Company
Date of publication, distribution, etc. 1986
300 ## - PHYSICAL DESCRIPTION
Extent 1422p
440 ## - SERIES STATEMENT/ADDED ENTRY--TITLE
Volume/sequential designation II
942 ## - ADDED ENTRY ELEMENTS (KOHA)
Source of classification or shelving scheme Dewey Decimal Classification
Koha item type Books

No items available.

LIBRARY OPENING HOURS

When the Parliament is sitting: 8.00a.m - 7.00p.m or until the house adjourns
Mondays and Fridays and when the House is on Recess:  8.00a.m - 5.00p.m
Closed on Weekends and Public Holidays

Online Public Access Catalog (OPAC)
Website: http://www.parliament.go.ke
Bunge Library: https://libraryir.parliament.go.ke
Contact: library@parliament.go.ke | Tel no: (254-2)2221291 or 2848000 Ext 5043